000 00748cam a22002651 4500
001 sa 66000815
003 DLC
005 20260227112217.0
008 890724s1965 ii b 000 0 hino
010 _asa 66000815
035 _a(OCoLC)20062134
040 _aDLC
_cWaU
_dDLC
042 _apremarc
043 _aa-ii---
050 0 0 _aPK2903
_b.A45 1965
100 1 _aAggarwal, Hans Raj.
245 1 0 _aSaṃskr̥ta sāhitya kā itihāsa.
260 _c1965.
300 _a31, 384 p.
_c19 cm.
500 _aAdded t. p.: A short history of Sanskrit literature.
500 _aIn Hindi.
504 _aBibliographical footnotes.
650 0 _aSanskrit literature
_xHistory and criticism.
740 0 _aShort history of Sanskrit literature.
999 _c67421
_d67421